Tribhuvan University Central Library

Twice blessed; the art of giving (Record no. 45203)

MARC details
000 -LEADER
fixed length control field 006680000a22002890004500
082 ## - DEWEY DECIMAL CLASSIFICATION NUMBER
Classification number 895.514
Item number J778t
-- CS
041 ## - LANGUAGE CODE
Language code of text/sound track or separate title Eng
015 ## - NATIONAL BIBLIOGRAPHY NUMBER
National bibliography number NNB
005 - DATE AND TIME OF LATEST TRANSACTION
control field 20120907085339.0
100 ## - MAIN ENTRY--PERSONAL NAME
Personal name Joshi, Rupa, ed.
100 ## - MAIN ENTRY--PERSONAL NAME
Personal name Sharma, Kedar, ed.
100 ## - MAIN ENTRY--PERSONAL NAME
Personal name Thapa, Basanta, ed.
245 ## - TITLE STATEMENT
Title Twice blessed; the art of giving
260 ## - PUBLICATION, DISTRIBUTION, ETC. (IMPRINT)
Place of publication, distribution, etc Lalitpur
Name of publisher, distributor, etc Tewa, Nepal
260 ## - PUBLICATION, DISTRIBUTION, ETC. (IMPRINT)
Date of publication, distribution, etc 2000
300 ## - PHYSICAL DESCRIPTION
Extent 45p.
365 ## - TRADE PRICE
Price type code Rs.50.00
518 ## - DATE/TIME AND PLACE OF AN EVENT NOTE
Date/time and place of an event note 2008-08-03
530 ## - ADDITIONAL PHYSICAL FORM AVAILABLE NOTE
Additional physical form available note M
650 ## - SUBJECT ADDED ENTRY--TOPICAL TERM
Topical term or geographic name as entry element Nepali literature
650 ## - SUBJECT ADDED ENTRY--TOPICAL TERM
Topical term or geographic name as entry element Nepali essays
650 ## - SUBJECT ADDED ENTRY--TOPICAL TERM
Topical term or geographic name as entry element Philanthropy
650 ## - SUBJECT ADDED ENTRY--TOPICAL TERM
Topical term or geographic name as entry element Philanthropists
650 ## - SUBJECT ADDED ENTRY--TOPICAL TERM
Topical term or geographic name as entry element Social organizations
650 ## - SUBJECT ADDED ENTRY--TOPICAL TERM
Topical term or geographic name as entry element Rituals
942 ## - ADDED ENTRY ELEMENTS (KOHA)
Koha item type General Collections
Holdings
Withdrawn status Lost status Damaged status Not for loan Home library Current library Date acquired Total Checkouts Barcode Date last seen Price effective from
        Tribhuvan University Central Library Tribhuvan University Central Library 06/20/2010   123209 06/20/2010 06/20/2010